000 00740nam a2200277Ia 4500
008 160803s9999 xx 000 0 und d
020 _a 978-0439879958
100 _aMorse, Scott
245 _aMagic Pickle and the garden of evil /
245 _cby Scott Morse.
260 _aNew York :
260 _bScholastic Inc.
260 _c2009
300 _a136 pages :
300 _billustrations ;
300 _c20 cm
500 _a"A Graphix chapter book."
650 _aHumorous fiction --
650 _aHumorous stories.
650 _aPickles --
650 _aVegetables --
650 _xComic books, strips, etc.
650 _xComic books, strips, etc.
650 _xComic books, strips, etc.
700 _a740
999 _c298654
_d298654